LEADER 00793nam0-2200289---450- 001 990008211080403321 005 20051024115906.0 035 $a000821108 035 $aFED01000821108 035 $a(Aleph)000821108FED01 035 $a000821108 100 $a20051024d1954----km-y0itay50------ba 101 0 $aita 102 $aIT 105 $aa-------001yy 200 1 $aAfrica$egenti e culture$fRaffaello Battaglia 210 $aRoma$cIstituto Italiano per l'Africa$dstampa 1954 215 $a102 p., 14 c.$cill.$d22 cm 610 0 $aAfrica 700 1$aBattaglia,$bRaffaello$f<1896-1958>$083384 801 0$aIT$bUNINA$gRICA$2UNIMARC 901 $aBK 912 $a990008211080403321 952 $aJ-07-002$bIst. 7529$fILFGE 959 $aILFGE 996 $aAfrica$9739722 997 $aUNINA LEADER 01071nam--2200361---450- 001 990003692080203316 005 20120927101158.0 010 $a978-88-15-23955-6 035 $a000369208 035 $aUSA01000369208 035 $a(ALEPH)000369208USA01 035 $a000369208 100 $a20120927d2012----km-y0itay50------ba 101 0 $aita 102 $aIT 105 $ay|||z|||001yy 200 1 $a<> mondo della radio$edal transistor ai social network$fEnrico Menduni 205 $a2. ed 210 $aBologna$cIl Mulino$d2012 215 $a291 p.$d21 cm 225 2 $aUniversale paperbacks Il mulino$v404 410 0$12001$aUniversale paperbacks Il mulino$v404 606 0 $aTrasmissioni radiofoniche$2BNCF 676 $a384.54 700 1$aMENDUNI,$bEnrico$0126234 912 $a990003692080203316 951 $aIV.1. 1466$b238247 L.M.$cIV.1.$d00316614 959 $aBK 969 $aUMA 979 $aANNAMARIA$b90$c20120927$lUSA01$h1003 979 $aANNAMARIA$b90$c20120927$lUSA01$h1011 996 $aMondo della radio$952487 997 $aUNISA